Muestras de los carácteres de letras de la Imprenta de Marina de la propiedad de don José Severino Boloña : (Record no. 11298)
[ view plain ]
| 000 -CABECERA | |
|---|---|
| campo de control de longitud fija | 01058cam a2200265 a 4500 |
| 001 - NÚMERO DE CONTROL | |
| campo de control | 000011603 |
| 005 - FECHA Y HORA DE LA ÚLTIMA TRANSACCIÓN | |
| campo de control | 20200929162512.0 |
| 008 - DATOS DE LONGITUD FIJA--INFORMACIÓN GENERAL | |
| campo de control de longitud fija | 030203s2001 cu a 000 0 spa d |
| 020 ## - NÚMERO INTERNACIONAL ESTÁNDAR DEL LIBRO | |
| Número Internacional Estándar del Libro | 9591006551 |
| 035 ## - NÚMERO DE CONTROL DEL SISTEMA | |
| Número de control de sistema | (OCoLC)ocm52422521 |
| 035 ## - NÚMERO DE CONTROL DEL SISTEMA | |
| Número de control de sistema | (OCoLC)52422521 |
| 040 ## - FUENTE DE LA CATALOGACIÓN | |
| Centro catalogador/agencia de origen | DO-SdBNP |
| Centro/agencia transcriptor | UIU |
| Centro/agencia modificador | OCLCQ |
| -- | BNPHU |
| -- | DLC |
| 050 00 - SIGNATURA TOPOGRÁFICA DE LA BIBLIOTECA DEL CONGRESO | |
| Número de clasificación | Z250.3 |
| Número de documento/Ítem | .M84 2001 |
| 082 ## - NÚMERO DE LA CLASIFICACIÓN DECIMAL DEWEY | |
| Número de clasificación | NN |
| Número de documento/Ítem | M948c |
| 049 ## - FONDOS LOCALES (OCLC) | |
| Fondos de biblioteca | BNGR |
| 245 00 - MENCIÓN DE TÍTULO | |
| Título | Muestras de los carácteres de letras de la Imprenta de Marina de la propiedad de don José Severino Boloña : |
| Resto del título | establecida en la casa número noventa y cinco calle de Villegas, Habana : Imprenta de la Marina de este apostadero por S.M, año de 1836. |
| 250 ## - MENCIÓN DE EDICIÓN | |
| Mención de edición | Ed. fascimilar. |
| 260 ## - PUBLICACIÓN, DISTRIBUCIÓN, ETC. | |
| Lugar de publicación, distribución, etc. | La Habana, (Cuba) : |
| Nombre del editor, distribuidor, etc. | Letras Cubanas, |
| Fecha de publicación, distribución, etc. | 2001. |
| 300 ## - DESCRIPCIÓN FÍSICA | |
| Extensión | 48, [50] p. : |
| Otras características físicas | il. ; |
| Dimensiones | 28 cm. |
| 650 #0 - PUNTO DE ACCESO ADICIONAL DE MATERIA--TÉRMINO DE MATERIA | |
| Término de materia o nombre geográfico como elemento de entrada | Type ornaments |
| Subdivisión de forma | Specimens. |
| 9 (RLIN) | 27440 |
| 650 #0 - PUNTO DE ACCESO ADICIONAL DE MATERIA--TÉRMINO DE MATERIA | |
| Término de materia o nombre geográfico como elemento de entrada | Type and type-founding |
| Subdivisión geográfica | Cuba |
| -- | Havana. |
| 9 (RLIN) | 27441 |
| 650 #0 - PUNTO DE ACCESO ADICIONAL DE MATERIA--TÉRMINO DE MATERIA | |
| Término de materia o nombre geográfico como elemento de entrada | Printing |
| Subdivisión de forma | Specimens |
| Subdivisión geográfica | Cuba |
| -- | Havana. |
| 9 (RLIN) | 27442 |
| 700 1# - PUNTO DE ACCESO ADICIONAL--NOMBRE DE PERSONA | |
| Nombre de persona | Boloña, Jose Severino, |
| Fechas asociadas al nombre | d. 1852? |
| 9 (RLIN) | 27443 |
| 910 ## - DATOS DE OPCIÓN DEL USUARIO (OCLC) | |
| Datos de opción del usuario | Catalogación por copia / LC |
| Estado de retiro | Estado de pérdida | Restricciones de uso | No para préstamo | Código de colección | Localización permanente | Ubicación/localización actual | Ubicación en estantería | Fecha de adquisición | Número de inventario | Total de préstamos | Signatura topográfica completa | Código de barras | Fecha visto por última vez | Precio válido a partir de | Tipo de ítem Koha |
|---|---|---|---|---|---|---|---|---|---|---|---|---|---|---|---|
| Préstamo interno | Monografías: Libros y Folletos | General | General | En catalogación | 21.10.2009 | LF1 | NN M948c | 11603-10 | 25.06.2020 | 25.06.2020 | Préstamo interno |
